书目信息 |
| 题名: |
语言对比视角下的英汉翻译研究
|
|
| 作者: | 秦艳辉 , 吴君竹 著 | |
| 分册: | ||
| 出版信息: | 长春 吉林出版集团股份有限公司 2025.01 |
|
| 页数: | 183页 | |
| 开本: | 24cm | |
| 丛书名: | ||
| 单 册: | ||
| 中图分类: | H315.9 | |
| 科图分类: | ||
| 主题词: | 英语--翻译--研究 | |
| 电子资源: | ||
| ISBN: | 978-7-5731-5238-1 | |
| 000 | 01092nam0 2200241 450 | |
| 001 | 012708836 | |
| 005 | 20251022100017.71 | |
| 010 | @a978-7-5731-5238-1@dCNY72.00 | |
| 100 | @a20240913d2025 em y0chiy0120 ea | |
| 101 | 0 | @achi |
| 102 | @aCN@b220000 | |
| 105 | @ay z 000yy | |
| 106 | @ar | |
| 200 | 1 | @a语言对比视角下的英汉翻译研究@9yu yan dui bi shi jiao xia de ying han fan yi yan jiu@f秦艳辉,吴君竹著 |
| 210 | @a长春@c吉林出版集团股份有限公司@d2025.01 | |
| 215 | @a183页@d24cm | |
| 330 | @a本书以语言内容对比为基底,以英汉翻译比较为导问,对英汉语言概述与系统对比展开论述,介绍了英汉语言的发展史、翻译对比分析,引导读者对英汉语言全方位对比有基本的了解;详细论述了英汉词汇、语法和语篇的比较翻译,试图厘清英汉翻译与词汇、语法、语篇间的关系;具体分析了英汉词汇、语法和语篇比较的内容,介绍了英汉语言对比翻译的方法,为以语言为基础的英汉翻译比较的未来发展提出了建设性的意见。 | |
| 606 | 0 | @a英语@x翻译@x研究 |
| 690 | @aH315.9@v5 | |
| 701 | 0 | @a秦艳辉@9qin yan hui@4著 |
| 701 | 0 | @a吴君竹@9wu jun zhu@4著 |
| 801 | 0 | @aCN@c20250910 |
| 905 | @a河南城建学院图书馆@dH315.9@eQ452@ZQ452@f1 | |
| 语言对比视角下的英汉翻译研究/秦艳辉,吴君竹著.-长春:吉林出版集团股份有限公司,2025.01 |
| 183页;24cm |
| ISBN 978-7-5731-5238-1:CNY72.00 |
| 本书以语言内容对比为基底,以英汉翻译比较为导问,对英汉语言概述与系统对比展开论述,介绍了英汉语言的发展史、翻译对比分析,引导读者对英汉语言全方位对比有基本的了解;详细论述了英汉词汇、语法和语篇的比较翻译,试图厘清英汉翻译与词汇、语法、语篇间的关系;具体分析了英汉词汇、语法和语篇比较的内容,介绍了英汉语言对比翻译的方法,为以语言为基础的英汉翻译比较的未来发展提出了建设性的意见。 |
| ● |
| 相关链接 |
|
|
|
正题名:语言对比视角下的英汉翻译研究
索取号:H315.9/Q452
 
预约/预借
| 序号 | 登录号 | 条形码 | 馆藏地/架位号 | 状态 | 备注 |
| 1 | 1633400 | 216334009 | 语言库209/209语言库 39排4列1层/ [索取号:H315.9/Q452] | 在馆 |